Buan-orduithe i dTaobh gnó phoiblí maille le rialacha leabharlann an Oireachtais : (Record no. 2096)

MARC details
000 -LEADER
fixed length control field 01310cam a22003255a 4500
001 - CONTROL NUMBER
control field 13003286
003 - CONTROL NUMBER IDENTIFIER
control field OSt
005 - DATE AND TIME OF LATEST TRANSACTION
control field 20230621111354.0
008 - FIXED-LENGTH DATA ELEMENTS--GENERAL INFORMATION
fixed length control field 020617s2002 ie l o001 0 eng d
010 ## - LIBRARY OF CONGRESS CONTROL NUMBER
LC control number 2002489436
020 ## - INTERNATIONAL STANDARD BOOK NUMBER
International Standard Book Number 0755713419
035 ## - SYSTEM CONTROL NUMBER
System control number (OCoLC)ocm50087960
040 ## - CATALOGING SOURCE
Original cataloging agency EQO
Transcribing agency EQO
Modifying agency DLC
043 ## - GEOGRAPHIC AREA CODE
Geographic area code e-ie---
082 ## - DEWEY DECIMAL CLASSIFICATION NUMBER
Classification number 328.35
Item number GPO
110 1# - MAIN ENTRY--CORPORATE NAME
Corporate name or jurisdiction name as entry element Ireland.
Subordinate unit Oireachtas.
-- Dáil.
245 10 - TITLE STATEMENT
Title Buan-orduithe i dTaobh gnó phoiblí maille le rialacha leabharlann an Oireachtais :
Remainder of title maille le rialacha Leabharlann an Oireachtais = Standing orders relative to public business : together with Oireachtas library rules /
Statement of responsibility, etc. Dáil Éireann.
246 31 - VARYING FORM OF TITLE
Title proper/short title Standing orders relative to public business : together with Oireachtas library rules
260 ## - PUBLICATION, DISTRIBUTION, ETC. (IMPRINT)
Place of publication, distribution, etc. Dublin :
Name of publisher, distributor, etc. The Stationery Office,
Date of publication, distribution, etc. 2002.
300 ## - PHYSICAL DESCRIPTION
Extent xi, 117 p. ;
Dimensions 30 cm.
500 ## - GENERAL NOTE
General note At head of title: Dáil Éireann.
500 ## - GENERAL NOTE
General note Includes index.
546 ## - LANGUAGE NOTE
Language note English and Irish on facing pages.
610 10 - SUBJECT ADDED ENTRY--CORPORATE NAME
Corporate name or jurisdiction name as entry element Ireland.
Subordinate unit Oireachtas.
-- Dáil
Form subdivision Rules and practice.
650 #0 - SUBJECT ADDED ENTRY--TOPICAL TERM
Topical term or geographic name as entry element Legislative bodies
Geographic subdivision Ireland
Form subdivision Rules and practice.
710 2# - ADDED ENTRY--CORPORATE NAME
Corporate name or jurisdiction name as entry element Oireachtas Library (Ireland).
Title of a work Rules.
906 ## - LOCAL DATA ELEMENT F, LDF (RLIN)
a 7
b cbc
c copycat
d 3
e ncip
f 20
g y-gencatlg
942 ## - ADDED ENTRY ELEMENTS (KOHA)
Source of classification or shelving scheme Dewey Decimal Classification
Koha item type Books
Holdings
Withdrawn status Lost status Source of classification or shelving scheme Damaged status Not for loan Home library Current library Date acquired Total Checkouts Full call number Barcode Date last seen Price effective from Koha item type
    Dewey Decimal Classification     County Hall Archives County Hall Archives 06/21/2023   328.35 GPO 10009998 06/21/2023 06/21/2023 Books
    Dewey Decimal Classification     County Hall Archives County Hall Archives 06/21/2023   328.35 GPO 10010000 06/21/2023 06/21/2023 Books
    Dewey Decimal Classification     County Hall Archives County Hall Archives 06/21/2023   328.35 GPO 10010659 06/21/2023 06/21/2023 Books
    Dewey Decimal Classification     County Hall Archives County Hall Archives 06/21/2023   328.35 GPO 10009999 06/21/2023 06/21/2023 Books
    Dewey Decimal Classification     County Hall Archives County Hall Archives 06/26/2023   328.35 GPO 10010658 06/26/2023 06/26/2023 Books
LIBRARY OPENING HOURS

When the Parliament is sitting: 8.00a.m - 7.00p.m or until the house adjourns
Mondays and Fridays and when the House is on Recess:  8.00a.m - 5.00p.m
Closed on Weekends and Public Holidays

Online Public Access Catalog (OPAC)
Website: http://www.parliament.go.ke
Bunge Library: https://libraryir.parliament.go.ke
Contact: library@parliament.go.ke | Tel no: (254-2)2221291 or 2848000 Ext 5043